00621nam a2200193Ia 4500008004100000020001500041082001500056100001700071245004700088250000700135260004000142300002700182500001900209600002100228650005000249942000700299952010600306999001500412240925s9999 xx 000 0 und d a8170299683 a005.43 DON aDonald, Lisa 0aMCSE Test Success: nt server 4 exam 70-067 aNA aNew Delhi:bBPB Publicationc,1998. axx,344p.bNAfOriginal aIncludes Index aComputer Science aComputer science, information & general works cBK 011040708CSaUITUbUITUd2001-02-04eNAl0o005.43 DONpQ3684r2024-09-25 07:13:14w2024-09-25yBK c6183d6183